[Event "Bonn Beuel - Porz IV"]
[Site "?"]
[Date "2024.02.25"]
[Round "6.2"]
[White "Hoppe, Thilo"]
[Black "Trunz, Michelle"]
[Result "1-0"]
[WhiteElo "2108"]
[BlackElo "1878"]
[PlyCount "121"]
[EventDate "2024.??.??"]
[SourceVersionDate "2020.03.16"]

1. d4 d5 2. c4 c6 3. Nf3 Nf6 4. Nc3 dxc4 5. a4 Bf5 6. e3 e6 7. Bxc4 Nbd7 8. O-O Be7 9. Qe2 Ne4 10. Rd1 O-O 11. Nd2 Ndf6 12. Ndxe4 Nxe4 13. f3 Nd6 14. e4 Bg6 15. Bd3 Rb8 16. Be3 Qa5 17. Rdb1 f5 18. b4 Qc7 19. e5 Ne8 20. f4 Qd7 21. b5 Nc7 22. b6 axb6 23. Rxb6 Rfd8 24. Bc4 Nd5 25. Nxd5 exd5 26. Bd3 Rdc8 27. Rab1 c5 28. dxc5 Bxc5 29. Bxc5 Rxc5 30. R6b5 Rxb5 31. Rxb5 Rc8 32. Qb2 Rc7 33. h3 Bf7 34. Qd4 Be6 35. Kh2 Kf7 36. Rb6 g6 37. Rd6 Qc8 38. Bb5 Re7 39. Qf2 Kg7 40. Qb6 h6 41. Be2 Kf7 42. Qd4 Qc2 43. Bf3 Qc4 44. Rxd5 Qxd4 45. Rxd4 Rc7 46. Rb4 Bc8 47. h4 g5 48. Bh5+ Ke6 49. Rb6+ Kd5 50. Bf3+ Kc5 51. Rb5+ Kc4 52. hxg5 hxg5 53. fxg5 Rg7 54. Rb1 Kd4 55. Rb5 Ke3 56. e6 Kf4 57. g6 Rxg6 58. e7 Re6 59. Bxb7 Bd7 60. Rb4+ Ke3 61. a5 1-0

[Event "Bonn Beuel - Porz IV"]
[Site "?"]
[Date "2024.02.25"]
[Round "6.3"]
[White "Evers, Leo"]
[Black "Gikas, Andreas Basilius"]
[Result "1-0"]
[WhiteElo "2073"]
[BlackElo "2103"]
[PlyCount "83"]
[EventDate "2024.??.??"]
[SourceVersionDate "2020.03.16"]

1. d4 d5 2. Nf3 Nf6 3. e3 Bf5 4. c4 c6 5. Qb3 Qc7 6. cxd5 Bxb1 7. Rxb1 Nxd5 8. e4 Nb6 9. Bd2 e6 10. Bd3 Be7 11. O-O N8d7 12. Rbc1 O-O 13. Rfe1 Rfd8 14. a4 a5 15. g3 h6 16. Be3 Bb4 17. Red1 Nf6 18. Bf4 Qe7 19. h3 Nbd7 20. Kg2 Nf8 21. Bd2 Bxd2 22. Rxd2 Qc7 23. Rdc2 Qb8 24. Re2 N8d7 25. Bc4 Qa7 26. e5 Nd5 27. Bxd5 exd5 28. e6 fxe6 29. Rxe6 Nf8 30. Re7 Rd7 31. Rce1 b5 32. Rxd7 Qxd7 33. Ne5 Qb7 34. Rc1 Ra6 35. Rxc6 Rxc6 36. Qxd5+ Kh7 37. Qxc6 Qxc6+ 38. Nxc6 bxa4 39. Nxa5 Ne6 40. d5 Nc5 41. Kf3 Nd3 42. Ke2 1-0

[Event "Bonn Beuel - Porz IV"]
[Site "?"]
[Date "2024.02.25"]
[Round "6.4"]
[White "Rosskothen, Arnd"]
[Black "Slowik, Martin"]
[Result "1/2-1/2"]
[WhiteElo "2093"]
[BlackElo "1960"]
[PlyCount "35"]
[EventDate "2024.??.??"]
[SourceVersionDate "2020.03.16"]

1. d4 d5 2. Bf4 Nf6 3. e3 c5 4. c3 Qb6 5. Qb3 c4 6. Qc2 Nc6 7. Nd2 Qd8 8. e4 e6 9. e5 Nd7 10. Ngf3 Be7 11. Be2 O-O 12. h4 f6 13. exf6 Nxf6 14. Ne5 Bd6 15. Ndf3 Ne4 16. Nxc6 bxc6 17. Bxd6 Nxd6 18. O-O 1/2-1/2

[Event "Bonn Beuel - Porz IV"]
[Site "?"]
[Date "2024.02.25"]
[Round "6.5"]
[White "Thiemonds, Uli"]
[Black "Goergen, Christian"]
[Result "1-0"]
[WhiteElo "2067"]
[BlackElo "1841"]
[PlyCount "135"]
[EventDate "2024.??.??"]
[SourceVersionDate "2020.03.16"]

1. e4 c5 2. c3 d5 3. exd5 Qxd5 4. d4 g6 5. Nf3 Bg7 6. Na3 cxd4 7. Nb5 Na6 8. Nbxd4 Nf6 9. Be2 O-O 10. O-O Nc7 11. h3 e5 12. Nb5 Nxb5 13. Qxd5 Nxd5 14. Bxb5 a6 15. Bc4 Nb6 16. Bb3 Bd7 17. Re1 Rfe8 18. Be3 Na4 19. Rad1 Bc6 20. Rd6 Bxf3 21. Bxa4 Bf8 22. Rb6 Bd5 23. Bxe8 Rxe8 24. Bd4 Bc6 25. Rxe5 Rd8 26. Rxc6 bxc6 27. Ra5 Ra8 28. Kf1 Bd6 29. b3 Kf8 30. Ke2 Ke8 31. Kd3 Kd7 32. Be5 Be7 33. Kc4 Kc8 34. Bd4 Bd6 35. Be5 Be7 36. Bf4 f6 37. Kd3 Kd7 38. Ra4 f5 39. Rd4+ Ke6 40. Kc4 g5 41. Bc7 Rc8 42. Bb6 Bf6 43. Rd3 f4 44. f3 Be7 45. Bc5 Bf6 46. Rd6+ Kf5 47. Rd7 Re8 48. Rf7 Kg6 49. Rc7 Re2 50. Rxc6 Kf5 51. a4 Rxg2 52. b4 h5 53. b5 axb5+ 54. axb5 g4 55. hxg4+ hxg4 56. fxg4+ Rxg4 57. b6 Be5 58. Rc8 Rg7 59. Bd4 Bxd4 60. Kxd4 Rf7 61. Rc7 Rf8 62. b7 Rb8 63. Kc5 Ke6 64. Kc6 f3 65. Rh7 f2 66. Rh1 Rf8 67. Rf1 Rf3 68. c4 1-0

[Event "Bonn Beuel - Porz IV"]
[Site "?"]
[Date "2024.02.25"]
[Round "6.8"]
[White "Woeltge, Carsten"]
[Black "Blomer, Moritz"]
[Result "1-0"]
[WhiteElo "1901"]
[BlackElo "1754"]
[PlyCount "71"]
[EventDate "2024.??.??"]
[SourceVersionDate "2020.03.16"]

1. d4 Nf6 2. c4 g6 3. Nc3 d5 4. cxd5 Nxd5 5. e4 Nxc3 6. bxc3 Bg7 7. Bc4 c5 8. Ne2 Nc6 9. Be3 O-O 10. O-O Na5 11. Bd3 b6 12. Qd2 e5 13. Bh6 cxd4 14. cxd4 exd4 15. Bxg7 Kxg7 16. f4 Bg4 17. f5 Bxe2 18. f6+ Kh8 19. Bxe2 Rc8 20. Rf3 Rg8 21. Rd1 Nc6 22. Qf4 g5 23. Qf5 Nb4 24. e5 Rc2 25. Rh3 Rg6 26. Bh5 Qd5 27. Rg3 Qc4 28. Bxg6 Qe2 29. Qf3 Qxf3 30. Rxf3 hxg6 31. Rxd4 Nc6 32. Rd7 g4 33. Re3 Rc5 34. e6 fxe6 35. Rxe6 Ne5 36. Re8# 1-0

[Event "Godesberg II - Bonn"]
[Site "?"]
[Date "2024.02.25"]
[Round "6.1"]
[White "Mueller, Adrian"]
[Black "Mantau, Jan"]
[Result "1-0"]
[WhiteElo "2016"]
[BlackElo "2178"]
[PlyCount "143"]
[EventDate "2024.??.??"]
[SourceVersionDate "2020.03.16"]

1. Nf3 Nf6 2. c4 g6 3. g3 Bg7 4. Bg2 c6 5. O-O O-O 6. d4 d5 7. Ne5 Be6 8. cxd5 Bxd5 9. Nc3 Bxg2 10. Kxg2 Nbd7 11. Nf3 e6 12. Qd3 c5 13. Rd1 cxd4 14. Nxd4 a6 15. Qf3 Qc7 16. Nb3 Rac8 17. Bf4 e5 18. Be3 Rfe8 19. Rac1 Qb8 20. Ne4 Nxe4 21. Rxd7 Nf6 22. Rdd1 Rxc1 23. Bxc1 e4 24. Qf4 Qc8 25. Qd6 Qc4 26. Kf1 h5 27. Qc5 Qe6 28. Kg2 h4 29. Rd6 Qg4 30. Qe3 hxg3 31. hxg3 Nh5 32. Rd1 Be5 33. Rh1 Nf4+ 34. Kf1 Rd8 35. Bd2 Ne6 36. Rh4 Qf5 37. Rxe4 Qh3+ 38. Kg1 Bxb2 39. Rh4 Qf5 40. Bc3 Bxc3 41. Qxc3 f6 42. Qe3 g5 43. Nd4 Nxd4 44. Rxd4 Rxd4 45. Qxd4 Qb1+ 46. Kg2 Qxa2 47. Qxf6 Qd5+ 48. f3 a5 49. e4 Qb5 50. e5 g4 51. Qg6+ Kf8 52. Qxg4 Qe2+ 53. Kh3 Qxe5 54. Qc8+ Kf7 55. Qxb7+ Kf6 56. g4 Kg5 57. Qa8 Kf4 58. Qf8+ Ke3 59. Kh4 Qh2+ 60. Kg5 Qe5+ 61. Qf5 Qg7+ 62. Kh4 Qh6+ 63. Kg3 Qd6+ 64. f4 a4 65. Qe5+ Qxe5 66. fxe5 a3 67. e6 a2 68. e7 a1=Q 69. e8=Q+ Kd2 70. Qe4 Qa7 71. g5 Kc1 72. Qe1+ 1-0

[Event "Godesberg II - Bonn"]
[Site "?"]
[Date "2024.02.25"]
[Round "6.2"]
[White "Luebsen, Keno"]
[Black "Horstmann, Olaf"]
[Result "1/2-1/2"]
[WhiteElo "2087"]
[BlackElo "2112"]
[PlyCount "62"]
[EventDate "2024.??.??"]
[SourceVersionDate "2020.03.16"]

1. Nf3 e6 2. d4 f5 3. Bf4 Nf6 4. e3 Be7 5. c4 O-O 6. Bd3 b6 7. Qc2 Bb7 8. Nbd2 d5 9. a3 c6 10. Ne5 Ne4 11. h3 Nd7 12. Ndf3 Rc8 13. b4 Nxe5 14. Bxe5 c5 15. Qb3 cxb4 16. axb4 dxc4 17. Bxc4 Bd5 18. Bxd5 Qxd5 19. Qxd5 Bxb4+ 20. Ke2 exd5 21. Rxa7 Rc2+ 22. Kf1 Rc1+ 23. Ke2 Rc2+ 24. Kf1 Rfc8 25. Rxg7+ Kf8 26. Kg1 Nxf2 27. Ng5 Nxh1 28. Nxh7+ Ke8 29. Nf6+ Kf8 30. Nd7+ Ke8 31. Nf6+ Kf8 1/2-1/2

[Event "Godesberg II - Bonn"]
[Site "?"]
[Date "2024.02.25"]
[Round "6.3"]
[White "Limp, Roland"]
[Black "Iannello, Andrea"]
[Result "1/2-1/2"]
[WhiteElo "2001"]
[BlackElo "2080"]
[PlyCount "56"]
[EventDate "2024.??.??"]
[SourceVersionDate "2020.03.16"]

1. c4 b6 2. Nc3 Bb7 3. e4 e5 4. g3 Bc5 5. Bg2 Ne7 6. Nge2 Nbc6 7. O-O Ng6 8. d3 O-O 9. h3 Nd4 10. Nxd4 Bxd4 11. Ne2 Bc5 12. Kh2 f5 13. exf5 Bxg2 14. Kxg2 Rxf5 15. Nc3 Qf8 16. Be3 c6 17. Qg4 Be7 18. h4 Rd8 19. d4 d5 20. cxd5 cxd5 21. Rad1 h5 22. Qe2 e4 23. f3 exf3+ 24. Rxf3 Rxf3 25. Qxf3 Qxf3+ 26. Kxf3 Kf7 27. Rc1 a6 28. Ne2 Rd6 1/2-1/2

[Event "Godesberg II - Bonn"]
[Site "?"]
[Date "2024.02.25"]
[Round "6.4"]
[White "Wecker, Martin"]
[Black "Wahl, Felix"]
[Result "0-1"]
[WhiteElo "2075"]
[BlackElo "2098"]
[PlyCount "98"]
[EventDate "2024.??.??"]
[SourceVersionDate "2020.03.16"]

1. c4 c5 2. Nf3 Nc6 3. Nc3 g6 4. g3 Bg7 5. Bg2 e5 6. O-O Nge7 7. a3 O-O 8. b4 d6 9. Rb1 Rb8 10. b5 Na5 11. d3 f5 12. Bd2 b6 13. Qc2 h6 14. Nd5 Nxd5 15. cxd5 Nb7 16. Qc4 g5 17. Bc3 Qe8 18. Nd2 f4 19. Ne4 Qh5 20. f3 Qg6 21. a4 h5 22. gxf4 exf4 23. Bxg7 Kxg7 24. Qc3+ Kh7 25. Kh1 Bd7 26. Rg1 Rbe8 27. Bh3 Rxe4 28. Bxd7 Rxe2 29. Rbe1 Rxe1 30. Qxe1 Qf6 31. Qe4+ Kh6 32. Re1 Nd8 33. Be8 Nf7 34. Bxf7 Rxf7 35. Qe8 Kg7 36. Re6 Qa1+ 37. Re1 Qd4 38. Qd8 Qf6 39. Qe8 Qf5 40. Qc6 Qxd3 41. Qxd6 Qxf3+ 42. Kg1 Qg4+ 43. Kh1 f3 44. Qe5+ Kh7 45. Rg1 Qf4 46. Qxf4 Rxf4 47. Rd1 f2 48. Kg2 f1=Q+ 49. Rxf1 Rxf1 0-1

[Event "Godesberg II - Bonn"]
[Site "?"]
[Date "2024.02.25"]
[Round "6.5"]
[White "Nasirov, Ruslan"]
[Black "Mittmann, Johannes"]
[Result "1/2-1/2"]
[WhiteElo "2021"]
[BlackElo "2046"]
[PlyCount "57"]
[EventDate "2024.??.??"]
[SourceVersionDate "2020.03.16"]

1. e4 e5 2. Nf3 d6 3. d4 exd4 4. Bc4 Nf6 5. Nxd4 Be7 6. Nc3 O-O 7. f3 c6 8. Be3 b5 9. Bb3 b4 10. Na4 c5 11. Ne2 Nbd7 12. O-O Ba6 13. c3 Ne5 14. cxb4 cxb4 15. Rc1 Qa5 16. Rc2 Bb5 17. Rc1 Qa6 18. Nd4 Bxf1 19. Nf5 Bb5 20. Nxe7+ Kh8 21. Bd4 Rae8 22. Rc7 Rxe7 23. Rxe7 Nc6 24. Bxf6 gxf6 25. Rd7 Nd4 26. Qxd4 Bxd7 27. Qxf6+ Kg8 28. Qg5+ Kh8 29. Qf6+ 1/2-1/2

[Event "Godesberg II - Bonn"]
[Site "?"]
[Date "2024.02.25"]
[Round "6.6"]
[White "Selalmazidis, Arsenis"]
[Black "Dehmel, Jens"]
[Result "1-0"]
[WhiteElo "2095"]
[BlackElo "1950"]
[PlyCount "77"]
[EventDate "2024.??.??"]
[SourceVersionDate "2020.03.16"]

1. d4 d5 2. Nf3 Nf6 3. g3 Bg4 4. Bg2 e6 5. O-O Be7 6. h3 Bh5 7. c4 c6 8. Nc3 Nbd7 9. Qb3 Qb6 10. c5 Qxb3 11. axb3 O-O 12. Bf4 b6 13. b4 a5 14. b5 Bxf3 15. Bxf3 bxc5 16. bxc6 cxd4 17. Nb5 e5 18. cxd7 exf4 19. gxf4 Rfd8 20. Nxd4 Rxd7 21. Nc6 Rb7 22. Nxe7+ Rxe7 23. Rfd1 Kf8 24. Rd4 Rb7 25. Rxd5 Nxd5 26. Bxd5 Rab8 27. Bxb7 Rxb7 28. Rxa5 Rxb2 29. e3 Rb7 30. Kg2 Ke7 31. f3 g6 32. f5 Kf6 33. e4 Rb1 34. h4 h6 35. Ra6+ Kg7 36. f6+ Kg8 37. Ra8+ Kh7 38. Rf8 g5 39. h5 1-0

[Event "Godesberg II - Bonn"]
[Site "?"]
[Date "2024.02.25"]
[Round "6.7"]
[White "Falkenberg, Hendrik"]
[Black "Kummer, Wolfram"]
[Result "0-1"]
[WhiteElo "1982"]
[BlackElo "2058"]
[PlyCount "88"]
[EventDate "2024.??.??"]
[SourceVersionDate "2020.03.16"]

1. d4 Nf6 2. c4 e6 3. g3 d5 4. Bg2 c6 5. Nf3 Bb4+ 6. Bd2 Be7 7. Qc2 Nbd7 8. O-O O-O 9. Bf4 Nh5 10. Bc1 Nhf6 11. Nbd2 b6 12. b3 Bb7 13. Bb2 Rc8 14. Ne5 c5 15. Nxd7 Qxd7 16. dxc5 Rxc5 17. Rad1 Qc8 18. Qb1 Rd8 19. Bd4 Rc7 20. Be5 Rcd7 21. Rc1 Qa8 22. cxd5 Nxd5 23. Nf3 Nf6 24. Rfd1 h6 25. Rxd7 Rxd7 26. Rd1 Be4 27. Qa1 Qd8 28. Rxd7 Qxd7 29. h3 Qd5 30. Qd4 Qb7 31. a4 Qc6 32. Nh4 Bxg2 33. Nxg2 Qc1+ 34. Kh2 Qf1 35. Nf4 Bc5 36. Qd8+ Kh7 37. Qd3+ Kg8 38. Bd4 e5 39. Bxc5 bxc5 40. Qd8+ Kh7 41. Qd3+ g6 42. Qc4 Qxf2+ 43. Kh1 Kg7 44. Nd5 Nh5 0-1

[Event "Godesberg II - Bonn"]
[Site "?"]
[Date "2024.02.25"]
[Round "6.8"]
[White "Mueller-Boge, Michael"]
[Black "Hoefer, Severin Paul"]
[Result "0-1"]
[WhiteElo "2013"]
[BlackElo "1890"]
[PlyCount "126"]
[EventDate "2024.??.??"]
[SourceVersionDate "2020.03.16"]

1. e4 c5 2. Nf3 e6 3. d4 cxd4 4. Nxd4 Nc6 5. Nc3 Qc7 6. a3 a6 7. Be3 Nf6 8. Qf3 Ne5 9. Qg3 b5 10. Bf4 d6 11. Bxe5 dxe5 12. Nf3 b4 13. axb4 Bxb4 14. Bb5+ Kf8 15. O-O Bxc3 16. bxc3 Nxe4 17. Qxe5 Qxe5 18. Nxe5 Nxc3 19. Bc6 Rb8 20. Bf3 f6 21. Nc4 Ke7 22. Rfe1 Rb4 23. Na5 Rb2 24. Re3 Rxc2 25. Nc6+ Kd6 26. Nb4 Rb2 27. Nxa6 Nd5 28. Rea3 Bb7 29. g3 Ra8 30. Nc5 Rxa3 31. Ne4+ Ke5 32. Rxa3 Kd4 33. Nd6 Bc6 34. Ra7 Nf4 35. gxf4 Bxf3 36. h4 h5 37. Ne8 Ke4 38. Ra4+ Kf5 39. Nxg7+ Kg4 40. f5+ Kh3 41. Ra1 Rb4 42. Kf1 e5 43. Ne8 Kxh4 44. Ke1 Rd4 45. Nc7 Kg4 46. Ne6 Rd6 47. Nc5 h4 48. Kf1 h3 49. Kg1 Kxf5 50. Kh2 Rd5 51. Rc1 Kg4 52. Rc4+ Rd4 53. Rc1 f5 54. Rg1+ Bg2 55. Ne6 Rd6 56. Nc5 Kf3 57. Re1 e4 58. Rc1 Kxf2 59. Nb3 e3 60. Rc2+ e2 61. Nc1 Bf3 62. Rb2 Rd1 63. Nxe2 Rh1# 0-1

[Event "Solingen IV - Halver- Schalksmühle"]
[Site "Solingen"]
[Date "2024.03.17"]
[Round "7.1"]
[White "Browning, Alex"]
[Black "Hobusch, Jan"]
[Result "1/2-1/2"]
[WhiteElo "2313"]
[BlackElo "2226"]
[PlyCount "111"]
[EventDate "2024.??.??"]
[SourceVersionDate "2020.03.16"]

1. Nf3 d5 2. g3 c6 3. Bg2 Bg4 4. c4 e6 5. O-O Nd7 6. cxd5 cxd5 7. Nc3 Ngf6 8. d3 Be7 9. Bf4 O-O 10. Rc1 Rc8 11. h3 Bh5 12. Rc2 Qb6 13. Qc1 Rc6 14. Be3 Bc5 15. Na4 Bxe3 16. Nxb6 Bxc1 17. Rxc6 bxc6 18. Nxd7 Nxd7 19. Rxc1 c5 20. g4 Bg6 21. b4 Rc8 22. Nd4 Kf8 23. f4 Ke7 24. f5 exf5 25. gxf5 Bh5 26. bxc5 Rxc5 27. Rxc5 Nxc5 28. Kf2 Kf6 29. Ke3 Na4 30. Bxd5 Nc3 31. Bc4 Ke5 32. Nc6+ Kxf5 33. Nxa7 Nxe2 34. a4 Nc3 35. a5 Ke5 36. a6 Nd5+ 37. Bxd5 Kxd5 38. Nb5 Kc6 39. d4 Bg6 40. d5+ Kb6 41. a7 Kb7 42. Kd4 f6 43. Kc5 Bd3 44. Nc7 Kxa7 45. Kd6 Kb8 46. Ne6 Bf5 47. Ke7 Kc8 48. h4 g5 49. hxg5 fxg5 50. Nxg5 h5 51. Nf3 Be4 52. d6 Bf5 53. Nh4 Bd7 54. Kf6 Kd8 55. Ng6 Be8 56. Nh4 1/2-1/2

[Event "Solingen IV - Halver- Schalksmühle"]
[Site "Solingen"]
[Date "2024.03.17"]
[Round "7.2"]
[White "Fichtner, Ewald"]
[Black "Jansen, Dirk Norbert"]
[Result "0-1"]
[WhiteElo "2067"]
[BlackElo "2072"]
[PlyCount "138"]
[EventDate "2024.??.??"]
[SourceVersionDate "2020.03.16"]

1. d4 Nf6 2. Nc3 e6 3. Bf4 a6 4. e3 d5 5. g4 h6 6. Qf3 Bb4 7. Bd3 c5 8. dxc5 Nbd7 9. Qg3 Nxc5 10. Bc7 Qe7 11. Be5 Nfe4 12. Qf3 f6 13. a3 fxe5 14. axb4 Rf8 15. Bb5+ Nd7 16. Qg2 Nxf2 17. Nf3 Nxh1 18. Qxh1 Qxb4 19. Bxd7+ Bxd7 20. O-O-O e4 21. Ne5 O-O-O 22. Qe1 Qd6 23. Ng6 Qxh2 24. Nxf8 Rxf8 25. Ne2 Kb8 26. Nf4 g5 27. Rd2 Qh4 28. Qxh4 gxh4 29. Rh2 d4 30. Kd2 a5 31. Ng6 dxe3+ 32. Kxe3 Rf3+ 33. Kxe4 Bc6+ 34. Kd4 h3 35. Ne7 Bb5 36. Ke4 Rf7 37. Ng8 Bc6+ 38. Ke5 h5 39. Nh6 Rg7 40. Rxh3 hxg4 41. Rg3 Bf3 42. Kf6 Rc7 43. c3 Rc4 44. Nf7 Re4 45. Ne5 Re2 46. Kxe6 Rxb2 47. Nxf3 gxf3 48. Rxf3 Rd2 49. Rf5 b6 50. c4 Kc7 51. Rb5 Rd4 52. c5 Kc6 53. Rxb6+ Kxc5 54. Ra6 Kb5 55. Ke5 Rd1 56. Ra8 a4 57. Ke4 Kb4 58. Rb8+ Kc3 59. Ra8 Kb3 60. Rb8+ Ka2 61. Ra8 a3 62. Ra7 Kb2 63. Rb7+ Ka1 64. Ke3 a2 65. Rb8 Rb1 66. Rh8 Kb2 67. Rb8+ Kc3 68. Rc8+ Kb4 69. Rb8+ Kc5 0-1

[Event "Solingen IV - Halver- Schalksmühle"]
[Site "Solingen"]
[Date "2024.03.17"]
[Round "7.3"]
[White "Lutze, Max"]
[Black "Blasek, Ralph"]
[Result "0-1"]
[WhiteElo "2059"]
[BlackElo "2139"]
[PlyCount "82"]
[EventDate "2024.??.??"]
[SourceVersionDate "2020.03.16"]

1. Nf3 d5 2. g3 Nc6 3. d4 Bf5 4. Bg2 e6 5. O-O Nf6 6. c4 Be7 7. Nc3 O-O 8. Ne5 Na5 9. Qa4 c6 10. c5 b5 11. Qb4 Ng4 12. e4 Nxe5 13. dxe5 Bg6 14. Rd1 Nc4 15. Bf4 a5 16. Qb3 Bxc5 17. a4 Qb6 18. exd5 Bxf2+ 19. Kh1 cxd5 20. axb5 Rab8 21. Rdc1 Bd4 22. Re1 Bxc3 23. bxc3 Qxb5 24. Qd1 Rfc8 25. h4 Nb2 26. Qg4 Nd3 27. Kh2 Nxe1 28. Rxe1 Bf5 29. Qg5 h6 30. Qh5 Rxc3 31. Bxh6 gxh6 32. Qxh6 Rc2 33. Qg5+ Kf8 34. Qh6+ Ke8 35. Qh8+ Kd7 36. Qf6 Bg6 37. g4 Qd3 38. h5 Rxg2+ 39. Kxg2 Rb2+ 40. Kg1 Qg3+ 41. Kf1 Qg2# 0-1

[Event "Solingen IV - Halver- Schalksmühle"]
[Site "Solingen"]
[Date "2024.03.17"]
[Round "7.4"]
[White "Boos, Markus"]
[Black "Runtemund, Rene"]
[Result "1-0"]
[WhiteElo "2125"]
[BlackElo "2018"]
[PlyCount "51"]
[EventDate "2024.??.??"]
[SourceVersionDate "2020.03.16"]

1. d4 Nf6 2. c4 e5 3. dxe5 Ne4 4. a3 Qh4 5. g3 Qh5 6. Qd5 Nc5 7. Nd2 c6 8. Qd4 a5 9. Ngf3 Be7 10. Bg2 Nba6 11. b3 Ne6 12. Qc3 Nac5 13. O-O g5 14. Nd4 Nxd4 15. Qxd4 Qxe2 16. Bb2 Nd3 17. Bc3 Bc5 18. Qe4 Qxe4 19. Bxe4 Nxf2 20. Rxf2 Bxf2+ 21. Kxf2 h5 22. c5 Rh6 23. Nc4 b5 24. cxb6 Ba6 25. Nd6+ Ke7 26. Nf5+ 1-0

[Event "Solingen IV - Halver- Schalksmühle"]
[Site "Solingen"]
[Date "2024.03.17"]
[Round "7.5"]
[White "Luettich, Bodo"]
[Black "Auer, Martin"]
[Result "1/2-1/2"]
[WhiteElo "2002"]
[BlackElo "2211"]
[PlyCount "51"]
[EventDate "2024.??.??"]
[SourceVersionDate "2020.03.16"]

1. d4 g6 2. c4 Nf6 3. Nc3 Bg7 4. e4 d6 5. g3 O-O 6. Bg2 c5 7. Nge2 Nc6 8. O-O cxd4 9. Nxd4 Nxe4 10. Nxc6 Nxc3 11. Nxe7+ Qxe7 12. bxc3 Bxc3 13. Rb1 Rb8 14. Ba3 Rd8 15. Rb3 Qf6 16. Qd3 Bd4 17. Qd2 Be6 18. Rd1 Ba1 19. Qc1 Be5 20. f4 Bd4+ 21. Kh1 Rbc8 22. Qd2 Rxc4 23. Rd3 Bc3 24. Qe3 Bb4 25. Bxb4 Rxb4 26. Qxa7 1/2-1/2

[Event "Solingen IV - Halver- Schalksmühle"]
[Site "Solingen"]
[Date "2024.03.17"]
[Round "7.6"]
[White "Sereda, Yaroslava"]
[Black "Browning, Rebecca"]
[Result "0-1"]
[WhiteElo "1907"]
[BlackElo "1949"]
[PlyCount "78"]
[EventDate "2024.??.??"]
[SourceVersionDate "2020.03.16"]

1. e4 e6 2. d3 d5 3. Nd2 Nf6 4. Ngf3 c5 5. g3 Nc6 6. Bg2 Be7 7. O-O O-O 8. Re1 Rb8 9. e5 Nd7 10. Nf1 b5 11. h4 h6 12. h5 f5 13. exf6 Bxf6 14. Bh3 Nde5 15. Nxe5 Bxe5 16. Ne3 Nd4 17. Bg2 Bc7 18. c3 Nf5 19. Nxf5 Rxf5 20. Rf1 e5 21. Bh3 Rf7 22. Bxc8 Qxc8 23. Kg2 Qd7 24. f3 Qf5 25. f4 e4 26. dxe4 dxe4 27. Be3 Rd7 28. Qe2 Rd3 29. Rfd1 Rbd8 30. Rxd3 exd3 31. Qf3 a6 32. g4 Qd5 33. Qxd5+ Rxd5 34. Rd1 c4 35. Kf3 Rd8 36. Rd2 a5 37. b3 b4 38. Bd4 Rxd4 39. cxd4 c3 0-1

[Event "Solingen IV - Halver- Schalksmühle"]
[Site "Solingen"]
[Date "2024.03.17"]
[Round "7.7"]
[White "Schmidt, Volker"]
[Black "Koshel, Stanislav"]
[Result "0-1"]
[WhiteElo "1971"]
[BlackElo "1905"]
[PlyCount "128"]
[EventDate "2024.??.??"]
[SourceVersionDate "2020.03.16"]

1. e4 e5 2. f4 exf4 3. Bc4 Nf6 4. e5 d5 5. exf6 dxc4 6. fxg7 Bxg7 7. Nf3 Qe7+ 8. Qe2 a6 9. Qxe7+ Kxe7 10. Nc3 Bf5 11. d3 cxd3 12. cxd3 Rd8 13. Bxf4 Rxd3 14. Rc1 c5 15. O-O Be6 16. Ne5 Rd4 17. Bg3 Nd7 18. Nxd7 Kxd7 19. Rce1 Rd2 20. Ne4 Bd4+ 21. Bf2 Rxb2 22. Rd1 Kc6 23. Bxd4 cxd4 24. Rxd4 Rg8 25. g3 b6 26. a4 Rc2 27. Rb1 Rg4 28. Rbd1 Kc7 29. h3 Rg6 30. g4 h5 31. Nf2 hxg4 32. hxg4 f5 33. Re1 fxg4 34. Nd3 Rh6 35. Nf4 Bd7 36. Nd5+ Kc8 37. Ne7+ Kc7 38. Nd5+ Kc8 39. Ne7+ Kd8 40. Red1 Rc7 41. Nd5 Rb7 42. Rf1 Rd6 43. Rfd1 Rg6 44. Rf1 Rd6 45. Rfd1 b5 46. axb5 axb5 47. Kf2 Ra7 48. R1d3 Ra4 49. Nb4 Rxd4 50. Rxd4 Ke8 51. Ke3 Be6 52. Kf4 Kf7 53. Ke5 Ra1 54. Nc6 Re1+ 55. Kd6 Kf6 56. Rd3 Rc1 57. Nd4 Bc4 58. Rd2 Kg5 59. Nc2 Kf4 60. Rf2+ Ke4 61. Rg2 Kf3 62. Rd2 g3 63. Kc5 Be2 64. Kd5 Rxc2 0-1

[Event "Solingen IV - Halver- Schalksmühle"]
[Site "Solingen"]
[Date "2024.03.17"]
[Round "7.8"]
[White "Loriguillo Gonzalez, Gregorio"]
[Black "Koelz, Niklas"]
[Result "1/2-1/2"]
[WhiteElo "1912"]
[BlackElo "1918"]
[PlyCount "120"]
[EventDate "2024.??.??"]
[SourceVersionDate "2020.03.16"]

1. e4 c5 2. Nf3 e6 3. c3 b6 4. d4 Bb7 5. Bd3 Nf6 6. e5 Nd5 7. O-O cxd4 8. cxd4 d6 9. Nc3 Nd7 10. Bg5 Be7 11. Bxe7 Qxe7 12. Nxd5 Bxd5 13. Qe2 O-O 14. Be4 dxe5 15. dxe5 Bxe4 16. Qxe4 Nc5 17. Qe3 Rfd8 18. Rfd1 Rd7 19. Rd4 Rxd4 20. Nxd4 Qd7 21. b4 Na6 22. a3 Rd8 23. Nf3 Nc7 24. g3 Nd5 25. Qd3 Qc7 26. Rd1 Rc8 27. Ng5 g6 28. f4 Qc3 29. Ne4 Qxd3 30. Rxd3 Kg7 31. Kf2 h6 32. Ke2 Rc2+ 33. Rd2 Rc1 34. h4 Ra1 35. Rd3 Ra2+ 36. Kf3 Rc2 37. Nd6 g5 38. hxg5 hxg5 39. f5 g4+ 40. Kxg4 Re2 41. fxe6 fxe6 42. Rf3 a5 43. bxa5 bxa5 44. Nf7 a4 45. Kh5 Re4 46. Kg5 Ne7 47. Nd8 Rxe5+ 48. Kg4 Nd5 49. Rf7+ Kg6 50. Ra7 Re4+ 51. Kh3 Kf5 52. Nc6 Rc4 53. Nd8 e5 54. Nf7 Rd4 55. Nd6+ Kg5 56. Ra6 Nf6 57. Nf7+ Kf5 58. Nd6+ Kg5 59. Nf7+ Kf5 60. Nd6+ Kg5 1/2-1/2

[Event "Wattenscheid 2 - Godesberg 2"]
[Site "NRW-K4 2324"]
[Date "2024.03.17"]
[Round "7.1"]
[White "Schröder, Wilfried"]
[Black "Lübsen, Keno"]
[Result "0-1"]
[WhiteElo "2165"]
[BlackElo "2088"]
[PlyCount "100"]
[EventDate "2024.??.??"]
[SourceVersionDate "2020.03.16"]

1. d4 d5 2. c4 e6 3. Nf3 c6 4. Nbd2 f5 5. Ne5 Nf6 6. Ndf3 Nbd7 7. a3 Nxe5 8. Nxe5 Bd6 9. cxd5 exd5 10. Bf4 Qe7 11. e3 O-O 12. Be2 Be6 13. O-O Rae8 14. Nd3 Bxf4 15. exf4 Ne4 16. Ne5 Qh4 17. Qc1 Rc8 18. Qe3 Qe7 19. b4 g5 20. Bd3 Rce8 21. b5 cxb5 22. Bxb5 Rc8 23. Rfc1 Nd6 24. Bd3 g4 25. Rxc8 Bxc8 26. Rc1 Be6 27. Rc5 Rc8 28. Qc1 Qd8 29. Rxc8 Qxc8 30. Qxc8+ Bxc8 31. Kf1 Kf8 32. Ke2 Ke7 33. f3 Kf6 34. fxg4 fxg4 35. Bxh7 Nb5 36. Ke3 Nxa3 37. Bd3 Bf5 38. Be2 Nc2+ 39. Kd2 Nxd4 40. Nxg4+ Ke6 41. Bd1 b5 42. Ne3 Be4 43. h4 a5 44. h5 a4 45. g4 a3 46. Kc1 b4 47. g5 b3 48. Bg4+ Ke7 49. Nd1 a2 50. Kb2 Nc2 0-1

[Event "Wattenscheid 2 - Godesberg 2"]
[Site "NRW-K4 2324"]
[Date "2024.03.17"]
[Round "7.3"]
[White "Wecker, Martin"]
[Black "Lang, Daniel"]
[Result "0-1"]
[WhiteElo "2067"]
[BlackElo "2114"]
[PlyCount "72"]
[EventDate "2024.??.??"]
[SourceVersionDate "2020.03.16"]

1. c4 e6 2. Nf3 d5 3. g3 c6 4. Bg2 Nf6 5. d4 Bb4+ 6. Bd2 Be7 7. Qc2 O-O 8. O-O Nbd7 9. Bf4 b6 10. Ne5 Nxe5 11. dxe5 Nd7 12. cxd5 cxd5 13. e4 d4 14. Rd1 g5 15. Bc1 Nxe5 16. Be3 dxe3 17. Rxd8 exf2+ 18. Kh1 Rxd8 19. Nc3 Bc5 20. Nd1 Nd3 21. Qe2 a5 22. e5 Ba6 23. Qh5 Be7 24. Qf3 Ne1 25. Qxf2 Nxg2 26. Kxg2 Bc5 27. Ne3 Rd4 28. Re1 Bb7+ 29. Kf1 Rad8 30. Qf6 Rd2 31. Qxg5+ Kf8 32. b3 Bg2+ 33. Kg1 Be4 34. Qf4 Rg2+ 35. Kf1 Rdd2 36. Nxg2 Bxg2# 0-1